书目信息 |
| 题名: |
幼儿文学作品选
|
|
| 作者: | 王丹丹 , 吕银才 主编 | |
| 分册: | ||
| 出版信息: | 天津 南开大学出版社 2014.08 |
|
| 页数: | 269页 | |
| 开本: | 26cm | |
| 丛书名: | ||
| 单 册: | ||
| 中图分类: | I106.8 | |
| 科图分类: | ||
| 主题词: | 儿童文学--作品集--世界--幼儿师范学校--教材 | |
| 电子资源: | ||
| ISBN: | 978-7-310-04561-7 | |
| 000 | 00861nam0 2200253 450 | |
| 001 | 0102100451 | |
| 005 | 20210402100827.0 | |
| 010 | @a978-7-310-04561-7@dCNY28.80 | |
| 100 | @a20141101e20192014em y0chiy50 ea | |
| 101 | 0 | @achi |
| 102 | @aCN@b120000 | |
| 105 | @aa z 000yy | |
| 106 | @ar | |
| 200 | 1 | @a幼儿文学作品选@Ayou er wen xue zuo pin xuan@f王丹丹, 吕银才主编 |
| 210 | @a天津@c南开大学出版社@d2014.08@h2019.06 | |
| 215 | @a269页@c图@d26cm | |
| 300 | @a全国学前教育专业“十二五”系列规划教材幼儿教师基本素质系列 | |
| 330 | @a本书共分:儿歌、幼儿诗、幼儿童话、幼儿生活故事、图画故事、幼儿散文、幼儿戏剧几部分。 | |
| 606 | 0 | @a儿童文学@x作品集@y世界@x幼儿师范学校@j教材 |
| 690 | @aI106.8@v5 | |
| 701 | 0 | @a王丹丹@Awang dan dan@4主编 |
| 701 | 0 | @a吕银才@Alv yin cai@4主编 |
| 801 | 0 | @aCN@bBJSZM@c20210402 |
| 905 | @b1280727-31@dI106.8@e307@f5 | |
| 幼儿文学作品选/王丹丹, 吕银才主编.-天津:南开大学出版社,2014.08(2019.06) |
| 269页:图;26cm |
| 全国学前教育专业“十二五”系列规划教材幼儿教师基本素质系列 |
| ISBN 978-7-310-04561-7:CNY28.80 |
| 本书共分:儿歌、幼儿诗、幼儿童话、幼儿生活故事、图画故事、幼儿散文、幼儿戏剧几部分。 |
| ● |
| 相关链接 |
|
|
|
|
正题名:幼儿文学作品选
索取号:I106.8/307
 
预约/预借
| 序号 | 登录号 | 条形码 | 馆藏地/架位号 | 状态 | 备注 |
| 1 | 1280727 | 212807275 | 第一样本阅览室/ [索取号:I106.8/307] | 在馆 | |
| 2 | 1280728 | 212807284 | 教育系资料室/ [索取号:I106.8/307] | 在馆 | |
| 3 | 1280729 | 212807293 | 教育系资料室/ [索取号:I106.8/307] | 在馆 | |
| 4 | 1280730 | 212807300 | 第二借阅区/ [索取号:I106.8/307] | 在馆 | |
| 5 | 1280731 | 212807319 | 第二借阅区/ [索取号:I106.8/307] | 在馆 |